Ľudové riekanky /

Main Author: Izák, Martin
Other Authors: Izáková, Lenka
Language: Slovak
Published: Říčany : Sun, 2019
Edition: 1. vydanie
Physical Description: 107 stran : barevné ilustrace ; 21 cm
Book
Saved in:
LEADER 01542nam a2200457 i 4500
001 nkc20193084181
003 CZ PrNK
005 20190430145911.0
007 ta
008 190322s2019 xr a a 001 p slo
015 |a cnb003084181 
020 |a 978-80-7567-343-5  |q (vázáno) 
035 |a (OCoLC)1100766426 
040 |a BOA001  |b cze  |e rda 
072 7 |a 821.162.4  |x Slovenská literatura  |2 Konspekt  |9 25 
072 7 |a 821-93  |x Literatura pro děti a mládež (beletrie)  |2 Konspekt  |9 26 
080 |a 821.162.4-1  |2 MRF 
080 |a 821-93  |2 MRF 
080 |a (0:82-193)  |2 MRF 
100 1 |a Izák, Martin  |7 xx0090448  |4 ill 
245 1 0 |a Ľudové riekanky /  |c ilustrovali: Martin a Lenka Izákovi 
250 |a 1. vydanie 
264 1 |a Říčany :  |b Sun,  |c 2019 
300 |a 107 stran :  |b barevné ilustrace ;  |c 21 cm 
336 |a text  |b txt  |2 rdacontent 
336 |a statický obraz  |b sti  |2 rdacontent 
337 |a bez média  |b n  |2 rdamedia 
338 |a svazek  |b nc  |2 rdacarrier 
500 |a Obsahuje rejstřík 
655 7 |a slovenská poezie  |7 fd183397  |2 czenas 
655 7 |a říkadla  |7 fd133992  |2 czenas 
655 7 |a publikace pro děti  |7 fd133156  |2 czenas 
655 9 |a Slovak poetry  |2 eczenas 
655 9 |a children's poetry  |2 eczenas 
655 9 |a children's literature  |2 eczenas 
700 1 |a Izáková, Lenka  |7 hka2017968804  |4 ill 
910 2 |a BOA001  |b 2-1422.985 
990 |a BK 
995 |a 01 
991 |b 201904  |c NOV 
996 6 |b 2610776786  |c 2-1422.985  |l MZK  |r Sklad / do 1 hodiny  |n 0  |p p.v.  |w 001716336  |u 000010  |a 1  |e BOA001  |j MZK50  |s P